| 000 | 00953nam a22002537a 4500 | ||
|---|---|---|---|
| 999 |
_c20325 _d20325 |
||
| 003 | AR-CdUCM | ||
| 008 | 190528b ||||| |||| 00| 0 d | ||
| 040 |
_aMUNICIPALIDAD PROVINCIAL DEL CUSCO _cBIBLIOTECA MUNICIPAL DEL CUSCO |
||
| 041 | _heng | ||
| 082 |
_a536.7 / _bM86 _22ed. |
||
| 100 |
_aMoring Faires, Virgil _920633 |
||
| 245 | _aTermodinámica / | ||
| 260 |
_aMéxico, D. F. : _bHispano-americana, _c1973. |
||
| 300 |
_a890 páginas ; _c28 cm. |
||
| 500 | _aTraducción con arreglo a la 5a. edicion en ingles por el Dr. J. A. Lanuza Escobar y Susana Blumovicz De Sipersten. | ||
| 505 | _aContenido: Propiedades termodinámicas -- Conservación de la energía -- Relación de energía... | ||
| 650 |
_aTermodinámica _921683 |
||
| 650 |
_aEnergia _915841 |
||
| 650 |
_aCombustión interna _942498 |
||
| 650 |
_aTurbinas _942499 |
||
| 700 |
_aAlonso, Santiago ( revisión de la traducción) _942500 |
||
| 942 |
_2ddc _cLIBROS |
||
| 945 | _aAndy | ||